000 00900nam a2200229 a 4500
001 001156695
003 AM-YeHGA
005 20250617152407.0
008 160614s1987 |||o r 000 0 rus d
040 _aAM-YeHGA
041 0 _arus
245 0 0 _aЗаполярье :
_bИзбранные фотографии /
_cВ. Чин-Мо-Цая, Г. Волкова, А. Копосова, Ю. Ищенко.
260 _aМосква :
_bПланета,
_c1987.
300 _a64 с. :
_bцв. ил.
653 0 _aЗаполярье - Фотоальбомы
653 0 _aФотография художественная - Север СССР
700 1 _aЧин-Мо-Цай, Владимир
_eфот.
_4pht
700 1 _aВолков, Георгий
_eфот.
_4pht
700 1 _aКопосов, Александр
_eфот.
_4pht
700 1 _aИщенко, Юрий
_eфот.
_4pht
090 _c371898
999 _c370024
_d370024